000 00480nam a2200181 a 4500
001 1767425682437
003 ACL
005 20260103130633.0
008 260103s2008##################000#0#eng##
020 _a9781598694611
082 0 4 _a649.132
_bWEI
100 1 _aWeiss, Robin Elise,
_eauthor.
245 1 0 _aThe Everything Guide to Raising Adolescent Boys :
260 _bEverything,
_c2008.
650 0 _aFamily & Relationships.
942 _cENGLISH
040 _aACL
_beng
_cACL
999 _c607139
_d607139